| 000 | 00971nam a22002297a 4500 | ||
|---|---|---|---|
| 005 | 20210325180417.0 | ||
| 008 | s2543 th tha d | ||
| 020 | _a9743333509 | ||
| 041 | _atha | ||
| 050 | _aDS568 จ661ส 2543 | ||
| 100 | 0 | _aจุลทัศน์ พยาฆรานนท์ | |
| 245 | 1 | 0 | _aสาระไทย : รวมบทความเกี่ยวกับวัฒนธรรมไทย |
| 260 | 3 |
_aกรุงเทพฯ : _bสถาบันไทยศึกษาจุฬาลงกรณ์มหาวิทยาลัย, _c2543 |
|
| 300 |
_a175 หน้า : _b ภาพประกอบ ; _c 21 ซม. |
||
| 650 | 0 | 4 | _aวัฒนธรรมไทย |
| 650 | 0 | 4 | _aไทย -- ความเป็นอยู่และประเพณี |
| 650 | 0 | 4 | _aไทยคดีศึกษา |
| 850 | _aNALT | ||
| 942 | _cGB | ||
| 997 | _c000000000009227 | ||
| 998 | _aAREERAT VICHACHANG | ||
| 999 |
_c9227 _d9227 |
||